000 00654nam a2200241Ia 4500
003 OSt
005 20221005065903.0
006 a|||||r|||| 00| 0
007 ta
008 221004b |||||||| |||| 00| 0 san d
024 _a106835
037 _cTextual
040 _aCRL
_cCRL
_bsan
041 _2san
_asan
082 _aO15,1M84x, 152K7
100 _aBharati Krishan
_9605091
245 0 _aStrot bharati kandhhhar
260 _aMumbai
_bBharatiya Vidya Bhawan India
_c1967
300 _a244p.
_ccm.
650 _aSANSKRIT LITERATURE
942 _hO15,1M84x, 152K7
_cTEXL
_2cc
999 _c975374
_d975374